000
00283nam a2200121 a 4500
008
100920s1966|||| d
245
1
0
_a
Pošta na juh
100
1
_a
de Saint-Exupéry, Antoine
260
_b
Tatran
_a
Bratislava
_c
1966
020
_c
8
044
_a
xo
_c
SK
041
_a
slo
999
_c
10516
_d
10516